000 00463nam a2200181Ia 4500
001 14310
005 20260306164905.0
008 260306t1997||||xx |||||||||||||| ||spa||
041 _aESP
082 _a511.3
_bK73 1997
100 _aKolman, Bernard
_eAUT
245 0 _aEstructuras de matemáticas discretas para la computación
260 _c1997
300 _axviii, 524 páginas :
_c24 cm.
650 _aGEN
654 _aCMA
942 _cLIB
_dJUS
_fJUS
_2ddc
_n
999 _c14310
_d14310